01019nam a2200241 a 4500001001000000003000400010005001700014008004100031040002500072082002000097245024100117260005100358300002100409590002800430610003800458654002700496700004700523700003000570910003700600942001400637952010900651999001700760000034314OSt20240227073914.0111003s1916 es 000 0 spa d aDO-SdBNPbspacBNPHU 4a068.7291bA864s03aEl ateneo de Santiago de Cuba :bsu fundación, su primer año de existencia, su porvenir /cpor el director Max Henríquez Ureña ; trabajos presentados durante el año por los ateneistas señores, Pascual Guerrero ... [et al.].  aHabana :bImprenta de Aurelio Miranda,c1916. a230 p. ;c20 cm. aInventariado, 2019 / DG24aAteneo de Santiago de Cuba977142 aCubaxVida intelectual1 aHenríquez Ureña, Max,d1885-1968926211 aGuerrero, Pascual.959794 aValidado. Control de calidad MFF 2ddccLBS1 00102ddc718RVaGRbGRcHDd2011-10-03iLF1l0o 068.7291 A864sp34314-10r2020-06-25w2020-06-25y1 c33805d33805